Statistics for 2009 New York Yankees Quiz

Click here to take the quiz!

General Stats

  • This quiz has been taken 7,907 times
  • The average score is 12 of 21

Answer Stats

Position Player % Correct
SSDerek Jeter
99%
3BAlex Rodriguez
96%
CJorge Posada
86%
2BRobinson Cano
85%
CLMariano Rivera
83%
1BMark Teixeira
80%
SPC.C. Sabathia
77%
ManagerJoe Girardi
72%
SPAndy Pettitte
64%
CFBrett Gardner
57%
RFNick Swisher
56%
DHHideki Matsui
55%
LFJohnny Damon
53%
SPA.J. Burnett
50%
SPJoba Chamberlain
50%
RPPhilip Hughes
39%
CFMelky Cabrera
35%
CJose Molina
28%
RPPhil Coke
20%
IFRamiro Pena
17%
RPAlfredo Aceves
11%

Score Distribution

Percentile by Number Answered

Percent of People with Each Score

Your Score History

You have not taken this quiz